Milk, cream and butter technology

Gespeichert in:
Bibliographische Detailangaben
1. Verfasser: Wilcox, George (VerfasserIn)
Format: Buch
Sprache:Englisch
Veröffentlicht: Park Ridge Noyes Data 1971
Schriftenreihe:Food Processing Review, 18
Schlagworte:
Tags: Tag hinzufügen
Keine Tags, Fügen Sie den ersten Tag hinzu!

MARC

LEADER 00000nam a2200000 a 4500
001 UCR6669
003 CL-VaPUC
008 980423e19710000us |||||||||||||||||eng|d
082 0 4 |a 637.14  |b WIL  |2 21 
100 0 |a Wilcox, George  |e author  |9 407650 
245 1 0 |a Milk, cream and butter technology 
300 |a 313 p 
942 |c BK 
945 |d 19980423 00:00:00  |a crobeson 
260 |a Park Ridge  |b Noyes Data  |c 1971 
650 0 |a Leche  |9 259848 
650 0 |a Productos lácteos   |9 259521 
650 7 |a CREMA  |2 CL-VaPUC  |9 407651 
650 7 |a MANTEQUILLA  |2 CL-VaPUC  |9 364812 
650 7 |a SUBPRODUCTOS DE LA LECHE  |2 CL-VaPUC  |9 407652 
583 |a last modification  |c 20171218 01:41:59  |k Rodrigo Vera 
490 0 |a Food Processing Review, 18 
999 |c 268616  |d 268614 
952 |0 0  |1 0  |4 0  |6 637_140000000000000_WIL_1971  |7 0  |8 A  |9 301831  |a BIBALI  |b BIBALI  |c GEN  |d 2019-11-20  |i 1981218  |o 637.14 WIL 1971  |p 1981218  |r 2025-01-20  |w 2019-11-20  |y BK  |k ALI